載入...
Resilience, Development and Global Change
| 主要作者: | |
|---|---|
| 格式: | Printed Book |
| 出版: |
Routledge,London
2016
|
| LEADER | 00483nam a2200193 4500 | ||
|---|---|---|---|
| 020 | |c 30 P | ||
| 082 | |a 304.2 BRO | ||
| 100 | |a BROWN, Katrina | ||
| 245 | |a Resilience, Development and Global Change | ||
| 250 | |||
| 260 | |a Routledge,London |c 2016 | ||
| 300 | |a 212 | ||
| 490 | |||
| 500 | |||
| 590 | |c 30 P | ||
| 650 | |||
| 942 | |c BK | ||
| 999 | |c 117260 |d 117260 | ||
| 952 | |0 0 |1 0 |4 0 |6 304_200000000000000_BRO |7 0 |9 130727 |a ECN |b ECN |g 30.00 |l 0 |o 304.2 BRO |p ECN14286 |r 2019-09-25 |w 2019-09-25 |y BK | ||